00215nam a2200085Ia 4500008004100000245002000041260004200061260000900103999001700112170620s9999 xx 000 0 und d 0aAdult Education bNew Delhi- Discovery Publishing House c2006 c24288d24288